| 000 | 00618nam a22001697a 4500 | ||
|---|---|---|---|
| 005 | 20251108163329.0 | ||
| 008 | 250721s1974 xx 000 0 ara d | ||
| 082 | 1 | 4 | _a001.42/انو |
| 100 | 1 | _aالجندي، أنور | |
| 245 | 1 | 0 | _aأخطاء المنهج العربي الوافد في العقائد و التاريخ و الحضاره و اللغه و الأدب و الإجتماع / |
| 264 | 1 |
_aبيروت : _bدار الكتاب اللبناني، _c1974. |
|
| 300 | _a440ص. | ||
| 490 | 0 | _aالموسوعه الاسلاميه العربيه ؛6 | |
| 650 | 1 | 7 | _aالأبحاث |
| 942 |
_2ddc _cBK |
||
| 999 |
_c20 _d20 |
||